| 000 | 00953nam a22002895i 4500 | ||
|---|---|---|---|
| 003 | EG-ScBUE | ||
| 005 | 20260311100238.0 | ||
| 008 | 150701s2013 ii a f b 001 0 eng d | ||
| 020 | _a9789382220695 | ||
| 020 | _a9382220695 | ||
| 040 |
_aEG-ScBUE _beng _erda _cEG-ScBUE _dEG-ScBUE |
||
| 082 | 0 | 4 |
_a572.4 _bFOR _222 |
| 100 | 1 |
_aForro, Terene, _939180 _eauthor. |
|
| 245 | 1 | 0 |
_aRecent advances in nutritional biochemistry and metabolism / _cTerene Forro. |
| 264 | 1 |
_aNew Delhi : _bRandom Exports, _c2013. |
|
| 300 |
_aviii, 264 pages : _billustrations ; _c24 cm |
||
| 336 |
_2rdacontent _atext _btxt |
||
| 337 |
_2rdamedia _aunmediated _bn |
||
| 338 |
_2rdacarrier _avolume _bnc |
||
| 504 | _aIncludes bibliographical references and index. | ||
| 650 | 7 |
_aNutrition. _2BUEsh _919370 |
|
| 650 | 7 |
_aMetabolomics. _2BUEsh |
|
| 650 | 7 |
_aFood _xComposition. _2BUEsh |
|
| 653 |
_bENGGEN _cJuly2015 _cJanuary2016 |
||
| 655 | _vReading book | ||
| 942 |
_2ddc _cBB |
||
| 999 |
_c20090 _d20062 |
||